| 000 | 00549nam a2200181 u 4500 | ||
|---|---|---|---|
| 005 | 20210223131614.0 | ||
| 008 | 111011s2007 es r 000 0 spa d | ||
| 020 | _a8430542329 | ||
| 035 | _aUPN01000182165 | ||
| 049 | _aI | ||
| 050 | 4 |
_aAG196 S6 _bD5.5 |
|
| 245 | 1 | 0 |
_aDime por qué-- : _brespuestas a las preguntas de los niños-- y de los no tan niños-- / _cil. Ana Cañas. |
| 260 |
_aMadrid : _bSusaeta, _c[2007]. |
||
| 300 |
_a317 p. : _bil. |
||
| 650 | 4 |
_aPREGUNTAS Y RESPUESTAS INFANTILES _95027 |
|
| 905 | _aInfantil | ||
| 999 |
_c154268 _d154268 |
||